Dessins animés de notre enfance - Statistiques

Statistiques générales
  • Ce quiz a été pris 16 241 fois
  • Le résultat moyen est 42 sur 100
Statistiques - réponses
Années de sortie Indices Réponse % Correct
1940 Les aventures d'un chat qui tente d'attraper une souris Tom et Jerry
94%
1969 Une panthère peu commune La panthère rose
79%
1975 Une jeune abeille qui, à peine sortie de son alvéole, n'a qu'une envie : découvrir le monde en compagnie de ses amis Maya l'abeille
77%
1999 Une éponge jaune rectangulaire Bob l'éponge
76%
2015 Dans un coin de paradis de la Polynésie, Yann et Marina vivent des aventures trépidantes avec leur ami : un dauphin blanc. Oum le dauphin blanc
71%
2005 Des enfants organisent dans leur ville la première Coupe du monde de foot de rue. Foot 2 rue
68%
2001 Trois amies agents secrets et espionnes professionnelles employées du WOOHP Totally spies
68%
1974 Un poussin noir qui a tendance à se plaindre. Calimero
66%
1997 Un garçon qui rêve de devenir le meilleur dresseur Pokémon
66%
1993 Un castor qui adore raconter des histoires Père Castor
65%
2003 Hey rapido ! t'entends ce rythme endiablé ça sa fait danser les rats ça Ratz
65%
1998 Les aventures déjantées d’un chat bleu sans cesse harcelé par un trio de cafards Oggy et les Cafards
64%
1982 "Enfant du Soleil, Tu parcours la Terre, le Ciel, Cherches ton chemin, C'est ta vie, c'est ton destin." Les mystérieuses cités d'or
63%
2003 Leonardo , Raphaël , Donatello , Michel-Ange , des tortues pas comme les autres Les tortues ninja
63%
2000 Houba ! Houba ! Hop ! Marsupilami
63%
1942 Un chat qui tente d'attraper un petit canari Titi et Grosminet
63%
1983 Un policier raté qui confond souvent les gentils et les méchants, et se trompe dans l'utilisation de ses gadgets. Inspecteur gadget
62%
1996 L'histoire d'une tortue qui savait lasser ses chaussures. Franklin
61%
2005 Cette série met en scène les aventures d'un petit Indien et de son ami fidèle, le poney Petit-Tonnerre, dans la grande prairie nord-américaine. Yakari
61%
1991 Un jeune reporter et globe-trotter belge accompagné dans ses aventures par son fox-terrier Milou Les aventures de tintin
60%
2002 Quatre compagnons humains et un chien résolvent des mystères en se déplaçant dans un van baptisé la Mystery Machine Scooby-doo
60%
2008 Un chat paresseux qui aime les lasagnes accompagné de son fidèle compagnon canin : Odie Garfield et Cie
59%
1989 Les aventures d'un célèbre éléphant couronné roi Babar: Les aventures de Badou
58%
1974 De drôles de personnages très colorés ayant la faculté de se transformer en objets de leur choix Barbapapa
58%
1996 Un gentil fantôme Casper le gentil fantôme
58%
1974 Une fillette qui vit chez son grand-père paternel dans un chalet de montagne en Suisse Heidi
58%
1985 De petits oursons vivent dans les nuages en se déplaçant sur des arcs-en-ciel Les Bisounours
58%
1983 Un cowboy solitaire voyageant à cheval à travers le Far West Lucky Luke
55%
1998 Un frère et une sœur enchaînent les bêtises dans le restaurant de leurs parents Tom tom et nana
55%
2005 Un jeune garçon de 10 ans possédant un objet en forme de montre aux pouvoirs étranges. Ben 10
54%
1993 Des rangers Power Rangers
54%
2004 La série suit les aventures d'un groupe de six fées dotées de pouvoirs Winx club
54%
1957 Un pivert doté d'un rire strident Woody woodpecker
54%
1988 Un petit ours qui va à l'école Petit ours brun
53%
1997 Coincés sur Terre après s'être écrasés en soucoupe volante, des extraterrestres emménagent dans le grenier d'une maison à louer. Les zinzins de l'espace
52%
2005 Une petite fille très gaie et toujours contente vit dans le monde de Fraisi-Paradis. Charlotte aux fraises
50%
2000 Un petit âne gris avec une jolie crinière blanche trop rigolo L'Âne Trotro
50%
1980 Il est né sur les bords du fleuve Mississipi Tom Sawyer
50%
2003 Au Japon, dans un futur très proche, un sport mondial de toupie est apparue Beyblade
48%
1962 Un ours rend visite à deux enfants chaque soir avant leur coucher et leurs raconte une histoire avant de regagner son nuage Bonne nuit les petits
48%
2015 Les aventures de Ladybug et chat noir Miraculous
48%
1983 Un garçon qui rêve de devenir le meilleur footballeur au monde. Il rencontre et affronte tous les meilleurs joueurs du pays, avec lesquels il se lie d'amitié Olive et Tom
47%
1986 Elevé par son grand père adoptif Sangohan ,ce garçon est doté d'une force phénoménale . Dragon ball
46%
2010 Prisonniers d'un pénitencier dans le désert du Nevada, ces quatres frères tentent de s'échapper du pénitencier… mais sans parvenir à leurs fins. Les Dalton
46%
2007 une grande mèche blonde caractéristique Titeuf
46%
2000 Yugi est un jeune lycéen timide partage , avec ses amis , la passion d’un jeu de cartes, "Le Duel de monstres". Une passion qui va les entraîner dans une étrange et fascinante aventure Yu-Gi-Oh
46%
1981 Dans un village au cœur d'une forêt imaginaire, de petits êtres bleus vivent dans des champignons aménagés en maisons Les schtroumpfs
45%
1986 En compagnie de maestro , on découvre le corps humain et son fonctionnement Il était une fois la Vie
44%
2003 Chaque matin , un jeune garçon se réveil et devient quelqu'un ou quelque chose Martin matin
44%
1999 Accompagné de son ours en peluche Doudou, il passe une grande partie de son temps chez ses grands-parents Tchoupi
44%
1949 Un drôle d'oiseau bleu qui sillonne les routes du désert dans le Sud des États-Unis pourchassé par un coyote Bip bip et coyotte
41%
1997 Quatre personnages très colorés qui vivent en plein cœur d'une prairie, au milieu de collines entièrement couvertes de pelouses . Les Télétubbies
40%
2003 Un chien qui parle et qui est bien plus intelligent que son maître Corneil et Bernie
39%
2010 Un requin fan de tennis de table qui protège une belle sirène d'une hyène affamée n'a qu'une idée en tête : croquer Marina Zig et Sharko
39%
2000 Un gros chien rouge Clifford
38%
1998 Trois petites filles qui possèdent des supers-pouvoirs Les Supers Nanas
38%
1999 Bob dirige une petite entreprise spécialisée dans le bâtiment aidé de Zoé, son associée Bob le bricoleur
37%
2007 Le plus petit des grand héros SamSam
37%
1999 Une famile pas comme les autres qui a un animal de compagnie un peu spécial : Sakamain, un crocodile La famille pirate
36%
2007 La série suit les aventures de deux demi-frères qui ont un ont un ornithorynque, nommé Perry Phinéas et Ferb
36%
2000 Une histoire de hamster Hamtaro
35%
2003 Quatre adolescents vivant en région parisienne découvrent une usine renfermant un ordinateur quantique Code Lyoko
34%
2009 Un jeune tyrannosaure adopté par une famille de ptéranodons, qui parcourt le monde des dinosaures à bord d'un Train. Le Dino Train
34%
1993 Un personnage toujours accompagné de son ami reporter Fantasio et de son écureuil Spip Spirou
34%
2001 Un petit orphelin ami des animaux Marcelino
33%
2006 Une école de ninjas, qui suit les aventures de trois de ses élèves Shuriken School
33%
2007 Pendant que le fermier a le dos tourné, les animaux font les quatre cents coups dans la grange La ferme en folie
32%
1994 À bord d'un bus pas comme les autres, Mlle Bille-en-Tête et sa classe vivent des aventures extraordinaires. Le bus magique
31%
2003 Un garçon travaille comme agent spécial dans le " Centre ", une organisation secrète spécialisée dans les phénomènes paranormaux. Il enquête en compagnie de sa demi-soeur Diana... Martin mystère
30%
2016 Dans la ville fictive de Royal Woods , un jeune garçon vit avec ses dix sœurs Bienvenue chez les Loud
27%
1978 « Au fin fond de l'Univers, à des années et des années-lumière de la Terre, veille celui que le gouvernement intersidéral appelle quand il n'est plus capable de trouver une solution à ses problèmes, quand il ne reste plus aucun espoir : ..." Capitaine Flam
25%
2007 Un jeune garçon impulsif voit sa vie basculer par l'arrivée à l'école de Chen, une petite fille chinoise dont il tombe amoureux. Cédric
25%
2011 L'histoire de 6 adolescentes , filles de monstres célèbres qui affrontent ensemble l'expérience terrifiante du lycée Monster High
25%
1992 Un pantin de bois qui vit au pays des jouets Oui-oui
25%
2002 Un jeune garçon surdoué et grand inventeur, cependant ses créations géniales lui causent souvent des ennuis. Jimmy neutron
24%
2014 Une joyeuse bande de six chiots aventuriers, réunis autour de Ryder, un jeune garçon qui les encadre. La Pat'Patrouille
24%
2008 De petits animaux justiciers dotés de super-pouvoirs Les minis-justiciers
24%
1977 Un ourson qui rencontre un enfant indien avec qui il se lie d'amitié Bouba
23%
1996 Un petit garçon créateur et détenteur d'un laboratoire secret équipé d'une technologie avancée et sophistiquée Le laboratoire de dexter
23%
1978 Dans le futur, en l'an 2980, les hommes puisent dans les ressources naturelles d'autres planètes pour subvenir à leurs besoins. L'arrivée sur terre des Sylvidres, des extra-terrestres ayant pour but de prendre possession de la planète bleue, ne va rien changer car le gouvernement les croient dirigés par le célèbre ... Albator 78
22%
1996 Des kangourous qui jouent au basket Kangoo
22%
1998 Eliza une jeune fille capable de parler aux animaux voyage autour du monde avec sa famille dans un van . La famille Delajungle
22%
1990 Une bande de bébés de trois mois à trois ans qui , dès que leurs parents ont le dos tourné, s'évadent de leur parc pour explorer le monde et vivre de grandes aventures Les razmoket
22%
2008 Tom et Cindy , les enfants d'un ogre végétarien et d'une fée font leur possible pour s'adapter dans le monde réel Magic
22%
1976 Une petite orpheline aux cheveux blonds Candy
21%
2006 Une fille sauvage au cheveux roux, habitant à New York, dans un arbre à Central Park. Toupou
21%
1981 Un personnage qui erre dans le cosmos de l'Olympe à la recherche du chemin de la Terre. Les dieux de l'Olympe l'ont précipité avec son vaisseau et son équipage dans leur univers. Ulysse 31
21%
2011 Les aventures colorées d'un chat bleu et de son poisson rouge domestique possedant des bras et des jambes Le Monde incroyable de Gumball
20%
2012 Léna, et ses meilleurs amis ont réaménagé le ranch de son grand-père pour pouvoir accueillir Mistral, un cheval fougueux et sauvage Le ranch
19%
2006 Un petit lapin accompagné de Yoko, une coccinelle, apprend le dessin aux petits. Didou, dessine-moi
17%
1968 Onze bolides participent à des courses déjantées. Les fous du volant
17%
2012 Les aventures et les bêtises d'un gros lapin blanc et de son meilleur ami Jay Rekkit
17%
2004 Une gardienne galactique, dont la mission est d'instaurer la paix au sein de la galaxie. Elle est assistée de son pilote Sparkyet et d'un robot polyglotte nommé X-5 Atomic Betty
16%
2002 Tom et Nina s'emploient dans une guerre typique frère-sœur, au grand désarroi de leurs parents et de leur chat domestique, Grippy Les P'tits Diables
14%
2009 Un grand alien rouge capable de se transformer en humain, rejoint un groupe d'amis et essaie de s'adapter à la vie sur Terre. Linus et boom
12%
1995 Un chat noir et blanc Félix le chat
11%
1995 Deux souris blanches de laboratoire désirent conquérir le monde Minus et cortex
10%
1997 Sur une l'île, dans le village de Barbotam , un hippopotame vit avec toute sa famille Petit potam
7%
2006 Les mésaventures d'un chien qui passe le plus clair de son temps à faire des bêtises et de sa maîtresse Pétunia Grabouillon
4%
2012 Quand Blythe Baxter arrive à l'animalerie avec son père, Roger, elle fait connaissance avec des animaux qui parles Littlest Pet Shop
4%
Aucun quiz correspondant
Distribution des résultats
% des personnes avec chaque résultat
Percentile par nombre de réponses
Votre historique - résultats
Vous n’avez pas pris ce quiz